| 000 | 00485nam a2200169Ia 4500 | ||
|---|---|---|---|
| 008 | 220216s9999 xx 000 0 und d | ||
| 100 | _aRozman H D | ||
| 245 | 0 | _aRubberwood-polymer composites based on methacrylic silane and methyl methacrylate | |
| 260 |
_bJournal of Tropical Forest Products _c1997 |
||
| 300 | _a227-237 | ||
| 500 | _aCAB CD 1998 | ||
| 650 | _aWood plastic composite | ||
| 700 | _aAbusamah A | ||
| 700 | _aKhalil H P S A | ||
| 700 | _aKumar R N | ||
| 942 | _cBO | ||
| 999 |
_c47846 _d47846 |
||